000 00492nam a2200181Ia 4500
005 20250326143701.0
008 250326s9999 xx 000 0 und d
037 _aTextbook
040 _aFMSL
_beng
_cFMSL
041 _aeng
_2eng
084 _aX62:8 P5
_qFMSL
100 _aMythili G
_9748380
245 0 _aApplied Economics
_cMythili G
260 _aNew Delhi
_bNew Delhi, Academic Foundation
_c2005
300 _a365p
942 _cTB
_hX62:8 P5
999 _c1300579
_d1300579